U.S. State Trees Quiz - Statistics

General Stats
  • This quiz has been taken 42 times
  • The average score is 17 of 51
Answer Stats
Hint Answer % Correct
California Coastal redwood/giant sequoia
77%
Florida Sabal palm
73%
South Carolina Sabal palm
59%
Massachusetts American elm
55%
North Dakota American elm
55%
North Carolina Pine
55%
Mississippi Magnolia tree
50%
Utah Quaking aspen
45%
Oregon Douglas fir
41%
Pennsylvania Eastern hemlock
41%
Virginia Flowering dogwood
41%
Bonus: Washington D.C. Scarlet oak
41%
New York Sugar maple
41%
Vermont Sugar maple
41%
Missouri Flowering dogwood
36%
Ohio Ohio buckeye
36%
Wisconsin Sugar maple
36%
Indiana Tulip tree
36%
Kentucky Tulip tree
36%
Tennessee Tulip tree
36%
Illinois White oak
36%
Montana Ponderosa pine
32%
Rhode Island Red maple
32%
Nevada Singe-leaf pinyon pine/bristlecone pine
32%
West Virginia Sugar maple
32%
Washington Western hemlock
32%
Maryland White oak
32%
Kansas Eastern cottonwood
27%
Nebraska Eastern cottonwood
27%
Maine Eastern white pine
27%
Alabama Longleaf pine
27%
Minnesota Red pine
27%
Georgia Southern live oak
27%
Connecticut White oak
27%
Michigan White pine
27%
Delaware American holly
23%
Louisiana Bald cypress
23%
South Dakota Black hills spruce
23%
Hawaii Kukui nut tree
23%
Arkansas Loblolly pine
23%
Texas Pecan tree
23%
Wyoming Plains cottonwood
23%
Alaska Sitka spruce
23%
Idaho Western white pine
23%
Arizona Blue palo verde
18%
Colorado Blue spruce
18%
Iowa Bur oak
18%
New Mexico Colorado pinyon
18%
Oklahoma Eastern redbud
18%
New Jersey Northern red oak
18%
New Hampshire Paper birch
18%
No matching quizzes found
Score Distribution
Percent of People with Each Score
Percentile by Number Answered
Your Score History
You have not taken this quiz